| 000 | 00607nam a2200193Ia 4500 | ||
|---|---|---|---|
| 003 | IN-BaIIA | ||
| 008 | 211028s9999 xx 000 0 eng d | ||
| 040 | _cIIA Library | ||
| 080 |
_a519.682 _bWOO |
||
| 100 |
_aWooldridge, R. _94208 |
||
| 245 | 3 |
_aAn introduction to ALGOL programming _cR. Wooldridge |
|
| 260 |
_aLondon _bThe English Universities Press _c1963 |
||
| 300 | _ax, 131p. | ||
| 490 | _aApplied mathematics series | ||
| 650 |
_aALGOL programming language _94209 |
||
| 650 |
_aComputer programming _94210 |
||
| 650 | _aNASA thesaurus | ||
| 942 | _cBK | ||
| 999 |
_c2349 _d2349 |
||